| 000 | 01123cam a2200325 i 4500 | ||
|---|---|---|---|
| 001 | 15100508 | ||
| 003 | EG-ScBUE | ||
| 005 | 20260125095126.0 | ||
| 008 | 071203t2008 gw a frb 001 0 eng d | ||
| 020 | _a9781402062407 (hbk.) | ||
| 040 |
_aUKM _beng _erda _cUKM _dBAKER _dDLC _dEG-ScBUE |
||
| 082 | 0 | 4 |
_a572.86 _bPEL _222 |
| 100 | 1 |
_aPelt-Verkuil, Elizabeth van, _d1951- _eauthor. _939469 |
|
| 245 | 1 | 0 |
_aPrinciples and technical aspects of PCR amplification / _cElizabeth van Pelt-Verkuil, Alex van Belkum, John P. Hays. |
| 264 | 1 |
_a[Berlin] : _bSpringer, _c[2008] |
|
| 264 | 4 | _cc2008 | |
| 300 |
_axii, 325 pages : _billustrations ; _c24 cm |
||
| 336 |
_2rdacontent _atext _btxt |
||
| 337 |
_aunmediated _2rdamedia _bn |
||
| 338 |
_avolume _bnc _2rdacarrier |
||
| 504 | _aIncludes bibliographical references and index. | ||
| 650 | 7 |
_aPolymerase chain reaction. _2BUEsh |
|
| 650 | 7 |
_aPolymerase chain reaction _xDiagnostic use. _2BUEsh |
|
| 651 | _2BUEsh | ||
| 653 |
_bPPhrm _cFebruary2016 |
||
| 655 | _vReading book | ||
| 700 | 1 |
_aBelkum, Alex van, _eauthor. |
|
| 700 | 1 |
_aHays, John P., _eauthor. |
|
| 942 |
_2ddc _cBB |
||
| 999 |
_c21287 _d21259 |
||